[Event "Sachsen-ch U16 Girls"]
[Site "Sebnitz"]
[Date "2006.04.19"]
[Round "4"]
[White "Walz, Karola"]
[Black "Bartmuss, Bianca"]
[Result "0-1"]
[WhiteElo "1049"]
[BlackElo "1069"]
[PlyCount "104"]
[EventDate "2006.04.18"]
[EventType "swiss"]
[EventRounds "7"]
[EventCountry "GER"]
[SourceTitle "EXT 2007"]
[Source "ChessBase"]
[SourceDate "2006.11.23"]
[SourceVersion "1"]
[SourceVersionDate "2006.11.23"]
[SourceQuality "1"]

1. c4 e5 2. Nc3 Nf6 3. g3 d5 4. cxd5 Nxd5 5. Bg2 Be6 6. Nf3 Nxc3 7. bxc3 Bd6 8. Nxe5 c6 9. Nf3 0-0 10. 0-0 Re8 11. Re1 Qe7 12. Qc2 Nd7 13. d4 h6 14. e4 Nb6 15. e5 Ba3 16. Bxa3 Qxa3 17. Nd2 Qa4 18. Qxa4 Nxa4 19. c4 Rad8 20. Re4 b5 21. cxb5 cxb5 22. Nb3 Bd5 23. Re3 Nb6 24. Bxd5 Rxd5 25. Rc1 Nc4 26. Re2 f6 27. f4 a5 28. Rd1 a4 29. Nc1 b4 30. Kf2 fxe5 31. fxe5 Rf8+ 32. Kg2 Rb5 33. d5 b3 34. Nd3 b2 35. Rb1 a3 36. d6 Rd8 37. Kf3 Kf7 38. Kf4 Ke6 39. h4 Rf8+ 40. Kg4 Nxe5+ 41. Nxe5 h5+ 42. Kxh5 Rxe5+ 43. Rxe5+ Kxe5 44. d7 Kd6 45. Kg6 Kxd7 46. h5 Rc8 47. Rd1+ Ke8 48. Re1+ Kf8 49. h6 Rc6+ 50. Kh5 Rxh6+ 51. Kg5 Rc6 52. Rf1+ Kg8 0-1